000 01549namaa22003731i 4500
003 EG-GICUC
005 20260119132828.0
008 260119s1999 ua ||||jr|||d 000 0 ara d
020 _a9773380498
040 _aEG-GiCUC
_bara
_cEG-GiCUC
_dEG-GiCUC
_erda
043 _af-ua---
082 0 4 _221
_a503
_bB132
092 0 4 _221
_a503
_bB132
099 _a503 B132 1999
100 1 _aبدوى، أحمدزكى
_eمؤلف.
245 1 2 _aالمعجم العربى الميسر /
_cالاعداد أ.د أحمد زكى بدوى، صديقة يوسف محمود ؛ المراجعة أ.د محمد السعدى فرهود وثلاثة آخرون؛ اشراف على الطبعة أ.د محمود فهمى حجازى
250 _aالطبعة الثانية
264 _aالقاهرة (مصر) :
_bدار الكتاب المصرى،
_c1999.
300 _a648 صفحة ؛
_c24 سم
336 _2rdacontent
_atext
337 _2rdamedia
_aUnmediated
338 _2rdacarrier
_avolume
541 _aد. جابر عصفور ؛
_bالقاهرة ؛
_cإهداء ؛
_d2024.
650 1 7 _aالعلوم
_vمعاجم
_2qrmak
651 1 _2qrmak
700 1 _aمحمود، صديقة يوسف
_eمعد.
700 1 _aفرهود، محمد السعدى
_eمراجع.
700 1 _aعنانى، محمد زكريا
_eمراجع.
700 1 _aجبر، محمد عبد الله
_eمراجع.
700 1 _aعبد المعطى، عمر
_eمراجع.
700 1 _aحجازى، محمود فهمى
_eمشرف.
905 _aNermeen
942 _2ddc
_cBK
_e21
_n0
999 _c177857
_d177857